000 00584nam a2200217Ia 4500
003 OSt
005 20221002054802.0
006 a|||||r|||| 00| 0
007 ta
008 220930b |||||||| |||| 00| 0 eng d
024 _a70448
037 _cReference Collections
040 _aCRL
_cCRL
_beng
041 _2eng
_aeng
082 _aMK142.18k, J7(RR)
100 _aAxelrod H.R. Au.
_9576271
245 0 _aEncyclopedia of tropical fishes
260 _c1957
942 _hMK142.18k, J7(RR)
_cref
_2CC
999 _c925887
_d925887